Stati con più Musulmani in Africa - Statistics

Statistiche generali
  • Questo quiz è stato fatto 16 volte
  • Il punteggio medio è 8 su 10
Statistiche sulle risposte
Musulmani (in numeri assoluti) Stato % Corretto
43 737 096 Algeria
100%
85 000 000 Egitto
91%
18 429 893 Mali
91%
36 370 847 Marocco
91%
17 421 191 Senegal
91%
21 101 926 Niger
82%
95 000 000 Nigeria
82%
38 585 777 Sudan
82%
34 702 632 Etiopia
45%
19 426 814 Tanzania
36%
Nessun quiz corrispondente trovato
Distribuzione punteggi
Percentuale di utenti per punteggio
Percentile per numero di risposta
I tuoi punteggi nel tempo
Non hai fatto questo quiz